| 000 | 00000nam##2200000za#4500 |
| 001 | 9.609514 |
| 003 | CaOODSP |
| 005 | 20230131161134 |
| 007 | ta |
| 008 | 150406|1992||||xxc||||| f|0| 0 eng|d |
| 020 | |a0-660-14351-8 |
| 022 | |a0068-7626 |
| 040 | |aCaOODSP|beng |
| 043 | |an-cn--- |
| 086 | 1 |aM42-432E |
| 110 | 2 |aGeological Survey of Canada. |
| 245 | 10|aWalcott's Lower Cambrian olenellid trilobite collection 61K, Mount Robson area, Canadian Rocky Mountains / |cby W. H. Fritz. |
| 260 | |aOttawa - Ontario : |bEnergy, Mines and Resources. |c1992. |
| 300 | |a65p. : |bfigs., illus., references ; |c28 cm. |
| 490 | 1 |aBulletin|x0068-7626|v432 |
| 546 | |aRésumés en français |
| 563 | |aSoftcover |
| 590 | |a92-26|b1992-06-26 |
| 690 | 07|aFossils|2gcpds |
| 690 | 07|aPalaeontology|2gcpds |
| 720 | 1 |aFritz, W. H. |
| 830 | #0|aBulletin,|x0068-7626|v432|w(CaOODSP)9.514768 |